000 00300nam a22001217a 4500
008 181030b xxu||||| |||| 00| 0 eng d
041 _aeng
080 _a159.9
100 _a49
101 _aPSI
245 _aTaking Sides Clashing Viws On Controversial Psychological
_cJose.R
942 _2udc
_cBK
999 _c51183
_d51183